<?xml version="1.0" encoding="UTF-8"?>
<record
    xmlns:xsi="http://www.w3.org/2001/XMLSchema-instance"
    xsi:schemaLocation="http://www.loc.gov/MARC21/slim http://www.loc.gov/standards/marcxml/schema/MARC21slim.xsd"
    xmlns="http://www.loc.gov/MARC21/slim">

  <leader>01563nam a22002417a 4500</leader>
  <controlfield tag="005">20211026154444.0</controlfield>
  <controlfield tag="008">211026b           ||||| |||| 00| 0 eng d</controlfield>
  <datafield tag="020" ind1=" " ind2=" ">
    <subfield code="a">0747546762</subfield>
  </datafield>
  <datafield tag="040" ind1=" " ind2=" ">
    <subfield code="c">AL</subfield>
  </datafield>
  <datafield tag="041" ind1=" " ind2=" ">
    <subfield code="a">eng</subfield>
  </datafield>
  <datafield tag="082" ind1=" " ind2=" ">
    <subfield code="2">23</subfield>
    <subfield code="a">153.942</subfield>
    <subfield code="b">ZOHS</subfield>
  </datafield>
  <datafield tag="100" ind1=" " ind2=" ">
    <subfield code="a">Danah Zohar: Ian Marshalll</subfield>
    <subfield code="9">1867</subfield>
  </datafield>
  <datafield tag="245" ind1=" " ind2=" ">
    <subfield code="a">Spiritual Intelligence The Ultimate Intelligence</subfield>
  </datafield>
  <datafield tag="260" ind1=" " ind2=" ">
    <subfield code="a">London</subfield>
    <subfield code="b">Bloomsbury Publishing</subfield>
    <subfield code="c">2000</subfield>
  </datafield>
  <datafield tag="300" ind1=" " ind2=" ">
    <subfield code="a">xiv,324 p.</subfield>
    <subfield code="b">HB</subfield>
    <subfield code="c">24x16 cm.</subfield>
  </datafield>
  <datafield tag="365" ind1=" " ind2=" ">
    <subfield code="b">16.99</subfield>
    <subfield code="c">&#xA3;</subfield>
    <subfield code="d">16.99</subfield>
  </datafield>
  <datafield tag="520" ind1=" " ind2=" ">
    <subfield code="a">At the beginning of the twentieth century psychologists discovered ways and means to measure intelligence that developed into an obsession with IQ. In the mid 1990's, Daniel Goleman popularised research into emotional intelligence, EQ, pointing out that EQ is a basic requirement for the appropriate use of IQ. In this century, there is enough collective evidence from psychology, neurology, anthropology and cognitive science to show us that there is a third 'Q', 'SQ' or Spiritual Intelligence. SQ is uniquely human and, the authors argue, the most fundamental intelligence. SQ is what we use to develop our longing and capacity for meaning, vision and value. It allows us to dream and to strive. It underlies the things we believe in, and the role our beliefs and values play in the actions that we take and the way we shape our lives.</subfield>
    <subfield code="u">https://www.alisonmorgan.co.uk/Books/Zohar%202000.pdf</subfield>
  </datafield>
  <datafield tag="650" ind1=" " ind2=" ">
    <subfield code="a">Intelligence</subfield>
    <subfield code="9">1868</subfield>
  </datafield>
  <datafield tag="650" ind1=" " ind2=" ">
    <subfield code="a">Spiritual Life</subfield>
    <subfield code="9">1869</subfield>
  </datafield>
  <datafield tag="650" ind1=" " ind2=" ">
    <subfield code="2">Humanity</subfield>
  </datafield>
  <datafield tag="700" ind1=" " ind2=" ">
    <subfield code="a">ZOHAR (David): MARSHALL (Ian)</subfield>
    <subfield code="9">1870</subfield>
  </datafield>
  <datafield tag="942" ind1=" " ind2=" ">
    <subfield code="2">ddc</subfield>
    <subfield code="c">GF</subfield>
  </datafield>
  <datafield tag="999" ind1=" " ind2=" ">
    <subfield code="c">216711</subfield>
    <subfield code="d">216711</subfield>
  </datafield>
  <datafield tag="952" ind1=" " ind2=" ">
    <subfield code="0">0</subfield>
    <subfield code="1">0</subfield>
    <subfield code="2">ddc</subfield>
    <subfield code="4">0</subfield>
    <subfield code="7">0</subfield>
    <subfield code="8">PSY</subfield>
    <subfield code="a">AL</subfield>
    <subfield code="b">AL</subfield>
    <subfield code="d">2013-03-24</subfield>
    <subfield code="l">0</subfield>
    <subfield code="o">153.942 ZOHS</subfield>
    <subfield code="p">GF01128</subfield>
    <subfield code="r">2021-10-26 00:00:00</subfield>
    <subfield code="w">2021-10-26</subfield>
    <subfield code="y">GF</subfield>
  </datafield>
</record>
